| 000 | 00437cam a22001337a 4500 | ||
|---|---|---|---|
| 008 | 180718b1909 xxu||||| |||| 00| 0 eng d | ||
| 082 | _aT1 M61 | ||
| 100 | _aMill, John Stuart | ||
| 245 |
_aPrinciples of political economy, with some of their applications to social philosophy _cby John Stuart Mill and edited by W.J. Ashley |
||
| 260 |
_aLondon _bLongmans _c1909 |
||
| 300 | _a1013p. | ||
| 650 | _aEconomics | ||
| 700 | _aAshley, W.J., ed. | ||
| 999 |
_c373898 _d373898 |
||